European Geography By Letter F - Picture Quiz - Statistics

General Stats
  • This quiz has been taken 1,412 times
  • The average score is 10 of 18
Answer Stats
Picture Hint Answer % Correct
(country) Finland
97%
(currency) Franc
95%
{Faroe} Islands
91%
(country) France
89%
(language) French
89%
(city) Florence
87%
(city) Frankfurt
84%
(inlet) Fjord
79%
(animal) Falcon
71%
(language) Flemish
59%
{Federal} Republic
38%
(airport) Fiumicino
30%
(region) Frisia
24%
(region) {Friuli}-Venezia Giulia
23%
(city) Freiburg
16%
(city) Funchal
7%
(city) Ferrara
5%
(mountain) Finsteraarhorn
1%
No matching quizzes found
Score Distribution
Percent of People with Each Score
Percentile by Number Answered
Your Score History
You have not taken this quiz